00323nam a2200133Ia 4500008004100000082001000041100002200051245003100073250000600104260000700110300001000117630003100127730003100158100204s9999 xx 000 0 und d b23526 aCHINMYANAND SWAMI aTHE BHAGAWAD GEETA - CH- 2 a0 bCC a132+6 aTHE BHAGAWAD GEETA - CH- 2 aTHE BHAGAWAD GEETA - CH- 2